Ekologicky čalúnený nábytok

Enregistré dans:
Détails bibliographiques
Auteur principal: Beniaková, Andrea (Auteur)
Autres auteurs: Kotradyová, Veronika (Directeur de thèse)
Format: Manuscrit Livre
Langue:slovaque
Publié: 2024
Sujets:
Accès en ligne:http://is.stuba.sk/zp/portal_zp.pl?podrobnosti=162192
Tags: Ajouter un tag
Pas de tags, Soyez le premier à ajouter un tag!

MARC

LEADER 00000ntm a22000003a 4500
001 stuzp99928
003 SK-STU
005 20240615211643.0
007 ta
008 150427s2015----xo-----f-mn---000-0-slo-d
040 |a STU  |b slo 
041 0 |a slo 
100 1 |a Beniaková, Andrea  |u 055150  |4 aut  |U FAD Fakulta architektúry a dizajnu  |T FAD Ústav interiéru a výstavníctva  |X 110425  |U A5150  |Y 396  |7 110425 
242 0 1 |a Ecological upholstered furniture  |y eng 
245 1 0 |a Ekologicky čalúnený nábytok 
260 |c 2024 
650 4 |a pohovka  |2 slo 
650 4 |a taburet  |2 slo 
650 4 |a ekológia  |2 slo 
650 4 |a čalúnený nábytok  |2 slo 
650 4 |a ergonómia  |2 slo 
650 4 |a ecology  |2 eng 
650 4 |a upholstery  |2 eng 
650 4 |a ergonomics  |2 eng 
650 4 |a stool  |2 eng 
650 4 |a sofabed  |2 eng 
700 1 |a Kotradyová, Veronika  |u 055150  |k Z1  |4 ths  |U FAD Fakulta architektúry a dizajnu  |T FAD Ústav interiéru a výstavníctva  |X 344  |U A5150  |Y 396  |7 A000000344 
856 4 |u http://is.stuba.sk/zp/portal_zp.pl?podrobnosti=162192